000 00581cam a2200205 4500500
005 20260405003648.0
041 _afre
042 _adc
100 1 0 _aLarmagnac-Matheron, Octave
_eauthor
245 0 0 _a“80 %”
260 _c2023.
500 _a73
690 _aBiodiversité
690 _aÉcologie
690 _aExtinction
690 _aInsectes
690 _aMichelet
786 0 _nPhilosophie magazine | 168 | 4 | 2023-04-01 | p. 7-7 | 1951-1787
856 4 1 _uhttps://shs.cairn.info/magazine-philosophie-magazine-2023-4-page-7?lang=fr&redirect-ssocas=7080
999 _c2069701
_d2069701